| 000 | 01119nam a2200277 a 4500 | ||
|---|---|---|---|
| 001 | ebr10714638 | ||
| 003 | CaPaEBR | ||
| 006 | m o u | ||
| 007 | cr cn||||||||| | ||
| 008 | 130606s2013 enkad s 000 0 eng d | ||
| 020 | _z9781782163626 | ||
| 020 | _z9781782163633 (e-book) | ||
| 040 |
_aCaPaEBR _cCaPaEBR |
||
| 035 | _a(OCoLC)849917291 | ||
| 050 | 1 | 4 |
_aQA76.95 _b.L36 2013eb |
| 100 | 1 | _aLamy, Ronan. | |
| 245 | 1 | 0 |
_aInstant SymPy starter _h[electronic resource] : _blearn to use SymPy's symbolic engine to simplify Python calculations / _cRonan Lamy. |
| 260 |
_aBirmingham : _bPackt Pub., _c2013. |
||
| 300 |
_aii, 37 p. : _bcol. ill. |
||
| 500 | _a"Instant: short, fast, focused"--Cover. | ||
| 533 |
_aElectronic reproduction. _bPalo Alto, Calif. : _cebrary, _d2013. _nAvailable via World Wide Web. _nAccess may be limited to ebrary affiliated libraries. |
||
| 650 | 0 |
_aMathematics _xData processing. |
|
| 655 | 7 |
_aElectronic books. _2local |
|
| 710 | 2 | _aebrary, Inc. | |
| 856 | 4 | 0 |
_uhttp://site.ebrary.com/lib/rucke/Doc?id=10714638 _zAn electronic book accessible through the World Wide Web; click to view |
| 999 |
_c1101 _d1101 |
||